Normal view
MARC view
- American prose literature
Entry Topical Term
001 - CONTROL NUMBER
- control field: 45942
003 - CONTROL NUMBER IDENTIFIER
- control field: NUST
005 - DATE AND TIME OF LATEST TRANSACTION
- control field: 20210314133358.0
008 - FIXED-LENGTH DATA ELEMENTS
- fixed length control field: 210314|| aca||aabn | a|a d
040 ## - CATALOGING SOURCE
- Original cataloging agency: NUST
- Transcribing agency: NUST
150 ## - HEADING--TOPICAL TERM
- Topical term or geographic name entry element: American prose literature
- General subdivision: African American authors
670 ## - SOURCE DATA FOUND
- Source citation: Work cat.: (NUST): American humor :, c2002.
